A Sketch-map history of the two World Wars and after 1914-1973 (Record no. 57526)

MARC details
000 -LEADER
fixed length control field 00739nam a2200205 a 4500
008 - FIXED-LENGTH DATA ELEMENTS--GENERAL INFORMATION
fixed length control field 120416s1973 ||||||||||||||||| || u
020 ## - INTERNATIONAL STANDARD BOOK NUMBER
International Standard Book Number 0245508953
050 ## - LIBRARY OF CONGRESS CALL NUMBER
Classification number D 427 Ric
100 ## - MAIN ENTRY--PERSONAL NAME
Personal name Richards, Irene
245 12 - TITLE STATEMENT
Title A Sketch-map history of the two World Wars and after 1914-1973
250 ## - EDITION STATEMENT
Edition statement 7th ed., revised.
260 ## - PUBLICATION, DISTRIBUTION, ETC.
Place of publication, distribution, etc. London,
Name of publisher, distributor, etc. Harrap
Date of publication, distribution, etc. 1973.
300 ## - PHYSICAL DESCRIPTION
Extent 182p. : ill.
350 ## - PRICE (NR) (BK AM CF MU VM SE) [OBSOLETE]
Price 0.00
490 ## - SERIES STATEMENT
Series statement Sketchmap histories
650 #0 - SUBJECT ADDED ENTRY--TOPICAL TERM
Topical term or geographic name entry element AFRICA--HISTORY
650 ## - SUBJECT ADDED ENTRY--TOPICAL TERM
Topical term or geographic name entry element History, Modern - 20th century - Outlines, syllabi, etc
700 ## - ADDED ENTRY--PERSONAL NAME
Personal name Morris, J. A
995 ## - RECOMMENDATION 995 [LOCAL, UNIMARC FRANCE]
-- 0.00
-- CBU-MAIN LIBRARY (Kitwe)
-- 1
-- 20.90
-- 1
-- AVAILABLE
-- Jun 22, 2006
-- Main Library Open Access Collection
Holdings
Withdrawn status Lost status Source of classification or shelving scheme Damaged status Not for loan Home library Current library Shelving location Date acquired Total Checkouts Full call number Barcode Date last seen Price effective from Koha item type
          CBU-MAIN LIBRARY, KITWE. CBU-MAIN LIBRARY, KITWE.   11/30/2022   D 427 Ric 000563 11/30/2022 11/30/2022 MONOGRAPH